[Event "CAN-ch U20 2000"]
[Site "Montreal CAN"]
[Date "2000.05.04"]
[Round "3"]
[White "Roussel-Roozmon, Thomas"]
[Black "Olson, Hans"]
[Result "1/2-1/2"]
[WhiteElo "2088"]
[BlackElo "2022"]
[PlyCount "33"]
[EventDate "2000.05.03"]
[EventType "swiss"]
[EventRounds "8"]
[EventCountry "CAN"]

1. d4 Nf6 2. c4 c5 3. d5 e6 4. Nc3 exd5 5. cxd5 d6 6. e4 g6 7. Be2 Bg7 8. Nf3
O-O 9. Nd2 Re8 10. O-O Nbd7 11. f4 a6 12. a4 Qc7 13. Re1 Rb8 14. a5 b5 15. axb6
Nxb6 16. Bf3 Nfd7 17. Nb3 1/2-1/2

[Event "CAN-ch U20 2000"]
[Site "Montreal CAN"]
[Date "2000.05.05"]
[Round "4"]
[White "Vaingorten, Yaaqov"]
[Black "Roussel-Roozmon, Thomas"]
[Result "1-0"]
[WhiteElo "2253"]
[BlackElo "2088"]
[PlyCount "71"]
[EventDate "2000.05.03"]
[EventType "swiss"]
[EventRounds "8"]
[EventCountry "CAN"]

1. Nf3 Nf6 2. c4 e6 3. Nc3 Bb4 4. g3 b6 5. Bg2 Bb7 6. O-O O-O 7. d4 c5 8. d5
Bxc3 9. bxc3 exd5 10. Nh4 Ne4 11. cxd5 Re8 12. Bb2 Ba6 13. Qc2 Nd6 14. Rfe1 Nc4
15. Rad1 d6 16. Bc1 Nd7 17. e4 b5 18. Nf5 Qa5 19. Ne3 Ndb6 20. Bf1 Nxe3 21.
Rxe3 Rac8 22. Rde1 b4 23. c4 Qa4 24. Qb3 f6 25. f4 Qd7 26. Bb2 Rcd8 27. Bd3 Nc8
28. Qc2 h6 29. Qe2 Bb7 30. Bb1 Ba6 31. Qd3 Nb6 32. e5 dxe5 33. Qh7+ Kf8 34.
fxe5 Nxd5 35. cxd5 Qxd5 36. exf6 1-0

[Event "CAN-ch U20 2000"]
[Site "Montreal CAN"]
[Date "2000.05.05"]
[Round "5"]
[White "Roussel-Roozmon, Thomas"]
[Black "Nathani, Kaleim"]
[Result "1-0"]
[WhiteElo "2088"]
[BlackElo "1909"]
[PlyCount "89"]
[EventDate "2000.05.03"]
[EventType "swiss"]
[EventRounds "8"]
[EventCountry "CAN"]

1. d4 Nf6 2. c4 g6 3. Nc3 Bg7 4. e4 d6 5. f3 O-O 6. Be3 e5 7. Nge2 Nbd7 8. d5
Ne8 9. Qd2 f5 10. O-O-O f4 11. Bf2 Nef6 12. Kb1 a6 13. Nc1 Rf7 14. b4 a5 15. a3
axb4 16. axb4 b6 17. Nb3 Nf8 18. Bd3 Bd7 19. Kb2 Re7 20. c5 Be8 21. c6 Bf7 22.
Ra1 Rxa1 23. Rxa1 Qb8 24. Ba6 Re8 25. Qd1 Qd8 26. Bc4 Qe7 27. Ra7 Rb8 28. Nb5
Ne8 29. Qa1 Qd8 30. Nd2 g5 31. Be2 Ng6 32. Nc4 Ne7 33. Nxb6 Nxd5 34. Nxd5 Bxd5
35. exd5 Rxb5 36. Kb3 Rb8 37. b5 e4 38. Bd4 Bxd4 39. Qxd4 e3 40. Qe4 Qf6 41.
Bd3 Qg7 42. Rb7 Ra8 43. b6 Qf7 44. Ra7 Rb8 45. b7 1-0

[Event "CAN-ch U20 2000"]
[Site "Montreal CAN"]
[Date "2000.05.06"]
[Round "6"]
[White "Rodina, Nataliya"]
[Black "Roussel-Roozmon, Thomas"]
[Result "1/2-1/2"]
[WhiteElo "1962"]
[BlackElo "2088"]
[PlyCount "72"]
[EventDate "2000.05.03"]
[EventType "swiss"]
[EventRounds "8"]
[EventCountry "CAN"]

1. e4 c6 2. d4 d5 3. Nc3 dxe4 4. Nxe4 Bf5 5. Ng3 Bg6 6. Nf3 Nd7 7. h4 h6 8. h5
Bh7 9. Bd3 Bxd3 10. Qxd3 Ngf6 11. Be3 Qa5+ 12. Bd2 Qc7 13. O-O-O O-O-O 14. Qe2
e6 15. Ne5 Nb6 16. Ba5 Bd6 17. Rhe1 Rhf8 18. a3 c5 19. dxc5 Bxc5 20. Nd3 Bd6
21. Bb4 Bxb4 22. Nxb4 Rxd1+ 23. Rxd1 Rd8 24. Rxd8+ Qxd8 25. Qd3 Qxd3 26. Nxd3
Kd7 27. Ne5+ Ke7 28. c4 Nfd7 29. Nxd7 Nxd7 30. Kd2 a5 31. Kc3 Kd6 32. b4 axb4+
33. axb4 Nf6 34. Kd4 e5+ 35. Ke3 Ke6 36. Ne4 Nd7 1/2-1/2

[Event "CAN-ch U20 2000"]
[Site "Montreal CAN"]
[Date "2000.05.06"]
[Round "7"]
[White "Roussel-Roozmon, Thomas"]
[Black "Khaziyeva, Dinara"]
[Result "0-1"]
[WhiteElo "2088"]
[BlackElo "1912"]
[PlyCount "30"]
[EventDate "2000.05.03"]
[EventType "swiss"]
[EventRounds "8"]
[EventCountry "CAN"]

1. d4 Nf6 2. c4 Nc6 3. Nf3 e6 4. Nc3 Bb4 5. Qb3 Bxc3+ 6. Qxc3 Ne4 7. Qc2 f5 8.
e3 b6 9. Nd2 Nxd2 10. Bxd2 Bb7 11. O-O-O Qe7 12. Bc3 a5 13. f3 Nb4 14. Qb3 c5
15. a3 a4 0-1

[Event "CAN-ch U20 2000"]
[Site "Montreal CAN"]
[Date "2000.05.07"]
[Round "8"]
[White "Bachand-Fleurent, Julien"]
[Black "Roussel-Roozmon, Thomas"]
[Result "1/2-1/2"]
[WhiteElo "1899"]
[BlackElo "2088"]
[PlyCount "47"]
[EventDate "2000.05.03"]
[EventType "swiss"]
[EventRounds "8"]
[EventCountry "CAN"]

1. e4 c6 2. d4 d5 3. Nc3 dxe4 4. Nxe4 Bf5 5. Ng3 Bg6 6. Nf3 Nd7 7. Bd3 Bxd3 8.
Qxd3 Ngf6 9. O-O e6 10. Re1 Be7 11. c4 Qc7 12. Bd2 O-O 13. Nf5 Bd6 14. Nxd6
Qxd6 15. Rad1 c5 16. Bc3 Rfd8 17. Qe3 Qa6 18. Qe2 Qc6 19. b3 Ne8 20. Ne5 Qc7
21. f4 Nd6 22. g4 cxd4 23. Bxd4 Nc5 24. Qf3 1/2-1/2

[Event "Laval XVII"]
[Site "Laval CAN"]
[Date "2000.04.16"]
[Round "5"]
[White "Roussel-Roozmon, Thomas"]
[Black "Auger, Bertrand"]
[Result "1/2-1/2"]
[WhiteElo "2110"]
[BlackElo "2000"]
[PlyCount "43"]
[EventDate "2000.04.14"]
[EventType "swiss"]
[EventRounds "5"]
[EventCountry "CAN"]

1. d4 e6 2. c4 Nf6 3. Nc3 Bb4 4. Nf3 b6 5. g3 Bb7 6. Bg2 O-O 7. Qb3 c5 8. O-O
Bxc3 9. Qxc3 cxd4 10. Nxd4 Bxg2 11. Kxg2 d5 12. Bg5 Ne4 13. Bxd8 Nxc3 14. Be7
Re8 15. Ba3 Na4 16. cxd5 exd5 17. Nb5 Na6 18. e3 N4c5 19. Rfd1 Red8 20. Rac1
Rd7 21. Rc2 Rad8 22. Rcd2 1/2-1/2

[Event "Quebec-ch U12"]
[Site "Montreal CAN"]
[Date "2000.03.03"]
[Round "1"]
[White "Roussel-Roozmon, Thomas"]
[Black "Parra, Victor"]
[Result "1-0"]
[WhiteElo "2172"]
[BlackElo "1123"]
[PlyCount "107"]
[EventDate "2000.03.03"]
[EventType "tourn"]
[EventRounds "5"]
[EventCountry "CAN"]

1. d4 d5 2. c4 e6 3. Nc3 Nf6 4. Bg5 Be7 5. Nf3 Nbd7 6. e3 O-O 7. Bd3 h6 8. Bh4
b6 9. cxd5 exd5 10. Rc1 Bb7 11. O-O Re8 12. Qa4 Qc8 13. Bf5 c6 14. Bxf6 Bxf6
15. Nxd5 Qd8 16. Bxd7 Qxd7 17. Nxf6+ gxf6 18. Rfd1 Qg4 19. Ne1 Rec8 20. Qa3 c5
21. d5 Rd8 22. f3 Qg5 23. e4 f5 24. Nc2 fxe4 25. fxe4 Qe5 26. Qg3+ Qxg3 27.
hxg3 Re8 28. Re1 Re5 29. Kf2 Kg7 30. Kf3 Kg6 31. Ne3 Rae8 32. Nc4 R5e7 33. Nd6
Rd8 34. Nxb7 Rxb7 35. Kf4 Re7 36. Rcd1 f6 37. a4 a5 38. Rd3 Rd6 39. e5 fxe5+
40. Rxe5 Kf6 41. Rxe7 Kxe7 42. Ke5 Kd7 43. Rf3 Rg6 44. Rf7+ Ke8 45. Rf6 Rg5+
46. Ke6 Rxg3 47. Rxh6 Re3+ 48. Kd6 Rg3 49. Rh8+ Kf7 50. Kc7 Rxg2 51. d6 Rd2 52.
d7 Ke7 53. d8=Q+ Rxd8 54. Rxd8 1-0

[Event "Quebec-ch U12"]
[Site "Montreal CAN"]
[Date "2000.03.03"]
[Round "2"]
[White "Lawson, Jonathan"]
[Black "Roussel-Roozmon, Thomas"]
[Result "0-1"]
[WhiteElo "1105"]
[BlackElo "2172"]
[PlyCount "88"]
[EventDate "2000.03.03"]
[EventType "tourn"]
[EventRounds "5"]
[EventCountry "CAN"]

1. e4 e5 2. Nf3 Nc6 3. Bc4 Bc5 4. Nc3 d6 5. h3 Nf6 6. d3 h6 7. O-O a6 8. Be3
Ba7 9. Qd2 Na5 10. Bb3 Nxb3 11. axb3 Be6 12. Bxa7 Rxa7 13. d4 exd4 14. Qxd4 Ra8
15. e5 dxe5 16. Qxd8+ Rxd8 17. Nxe5 Rd2 18. Rac1 Bf5 19. Rfe1 O-O 20. Re2 Rxe2
21. Nxe2 Re8 22. f4 Nd5 23. g3 f6 24. g4 Bc8 25. Rd1 Nb6 26. Ng6 Kf7 27. f5
Rxe2 28. Kf1 Re8 29. c4 Nd7 30. b4 Ne5 31. Nxe5+ Rxe5 32. Rd8 Re8 33. Rxe8 Kxe8
34. Ke2 Ke7 35. Ke3 Kd6 36. Kd4 Bd7 37. b3 b6 38. c5+ Kc6 39. Kc4 Be8 40. cxb6
cxb6 41. b5+ axb5+ 42. Kc3 Kd5 43. Kd3 b4 44. Ke3 Ke5 0-1

[Event "Quebec-ch U12"]
[Site "Montreal CAN"]
[Date "2000.03.04"]
[Round "3"]
[White "Roussel-Roozmon, Thomas"]
[Black "Rodriguez, Aaron"]
[Result "1-0"]
[WhiteElo "2172"]
[BlackElo "1194"]
[PlyCount "55"]
[EventDate "2000.03.03"]
[EventType "tourn"]
[EventRounds "5"]
[EventCountry "CAN"]

1. d4 g6 2. c4 Bg7 3. e4 d6 4. f3 Nf6 5. Nc3 O-O 6. Be3 Nc6 7. Qd2 e5 8. Nge2
a6 9. d5 Ne7 10. O-O-O Bd7 11. g4 Rb8 12. Ng3 b5 13. c5 b4 14. Nb1 Bb5 15. c6
Bxf1 16. Rdxf1 a5 17. h4 a4 18. h5 Rb5 19. Qh2 Qb8 20. hxg6 fxg6 21. g5 Ne8 22.
Qxh7+ Kf7 23. f4 Rh8 24. fxe5+ Nf5 25. e6+ Ke7 26. Qxg6 Qc8 27. Nxf5+ Kf8 28.
Qf7# 1-0

[Event "Quebec-ch U12"]
[Site "Montreal CAN"]
[Date "2000.03.04"]
[Round "4"]
[White "Ouellet-Leveille, Clement"]
[Black "Roussel-Roozmon, Thomas"]
[Result "0-1"]
[WhiteElo "1567"]
[BlackElo "2172"]
[PlyCount "60"]
[EventDate "2000.03.03"]
[EventType "tourn"]
[EventRounds "5"]
[EventCountry "CAN"]

1. e4 c6 2. d4 d5 3. exd5 cxd5 4. c4 Nf6 5. Nc3 Nc6 6. Nf3 Bg4 7. Be3 e6 8. h3
Bh5 9. c5 Rc8 10. Bb5 Be7 11. g4 Bg6 12. Nh4 Nxg4 13. Nxg6 Nxe3 14. Nxe7 Nxd1
15. Nxc8 Qxc8 16. Rxd1 O-O 17. Ne2 Qd8 18. O-O Qf6 19. Kh2 a6 20. Bd3 Nb4 21.
Bb1 Qf3 22. Ng3 Qf4 23. Rg1 Nc6 24. Kh1 Nxd4 25. Rgf1 h5 26. h4 Nf3 27. Rd3
Nxh4 28. Nxh5 Qe4+ 29. f3 Qf5 30. Kg1 Qxh5 0-1

[Event "Quebec-ch U12"]
[Site "Montreal CAN"]
[Date "2000.03.05"]
[Round "5"]
[White "Roussel-Roozmon, Thomas"]
[Black "Ramaswamy, Kishor"]
[Result "1-0"]
[WhiteElo "2172"]
[BlackElo "1569"]
[PlyCount "63"]
[EventDate "2000.03.03"]
[EventType "tourn"]
[EventRounds "5"]
[EventCountry "CAN"]

1. d4 d5 2. c4 e6 3. Nc3 Nf6 4. Bg5 Nbd7 5. e3 c6 6. Nf3 Qa5 7. Qb3 Ne4 8. Bf4
Nb6 9. Bc7 Nxc3 10. bxc3 Qa4 11. c5 Qxb3 12. axb3 Nd7 13. c4 g6 14. Kd2 Bg7 15.
b4 O-O 16. Bd3 f6 17. Kc3 e5 18. cxd5 cxd5 19. Be2 e4 20. Nd2 f5 21. Nb3 Rf6
22. b5 Bf8 23. b6 a6 24. Na5 Bg7 25. Kb4 Kf7 26. c6 bxc6 27. b7 Bxb7 28. Nxb7
Ra7 29. Bxa6 Ke6 30. Bg3 Ke7 31. Bh4 Kf7 32. Bxf6 1-0

[Event "Candidates Blitz"]
[Site "Toronto CAN"]
[Date "2024.04.08"]
[Round "1.5"]
[White "Lin, Joey"]
[Black "Roussel-Roozmon, Thomas"]
[Result "0-1"]
[WhiteElo "1797"]
[BlackElo "2457"]
[PlyCount "56"]
[EventDate "2024.04.08"]
[EventType "swiss (blitz)"]
[EventRounds "9"]
[EventCountry "CAN"]
[Source "ChessMix "]
[SourceDate "2024.04.20"]

1. e4 g6 2. Nf3 Bg7 3. d4 d6 4. c3 Nf6 5. Bd3 O-O 6. O-O Nc6 7. h3 e5 8. d5 Nb8
9. Be3 Nh5 10. Nbd2 Qe8 11. Re1 f5 12. Qc2 f4 13. Nc4 fxe3 14. Nxe3 Bxh3 15.
gxh3 Rxf3 16. Kg2 Rf7 17. Rg1 Nd7 18. Ng4 Qe7 19. Qd2 Raf8 20. b4 Qh4 21. Raf1
Nf4+ 22. Kh1 Qxh3+ 23. Nh2 Nxd3 24. Rg3 Nxf2+ 25. Rxf2 Qxg3 26. Rg2 Rf1+ 27.
Nxf1 Rxf1+ 28. Rg1 Qxg1# 0-1

[Event "Candidates Blitz"]
[Site "Toronto CAN"]
[Date "2024.04.08"]
[Round "2.5"]
[White "Roussel-Roozmon, Thomas"]
[Black "Gavrilin, Roman"]
[Result "1-0"]
[WhiteElo "2457"]
[BlackElo "2185"]
[PlyCount "57"]
[EventDate "2024.04.08"]
[EventType "swiss (blitz)"]
[EventRounds "9"]
[EventCountry "CAN"]
[Source "ChessMix "]
[SourceDate "2024.04.20"]

1. d4 Nf6 2. c4 e6 3. g3 d5 4. Nf3 Be7 5. Bg2 O-O 6. Nc3 Nbd7 7. Qd3 dxc4 8.
Qxc4 c5 9. dxc5 Nxc5 10. O-O a6 11. Rd1 Qe8 12. Ne5 b5 13. Qf4 Bb7 14. Bxb7
Nxb7 15. Be3 Rd8 16. Qf3 Nd6 17. Bc5 Nf5 18. Rxd8 Bxd8 19. Bxf8 Qxf8 20. Rd1
Bb6 21. e3 h5 22. Qc6 Qb8 23. Nd7 Nxd7 24. Qxd7 h4 25. Ne4 Qe5 26. Qe8+ Kh7 27.
Ng5+ Kg6 28. Qxf7+ Kxg5 29. f4+ 1-0

[Event "Candidates Blitz"]
[Site "Toronto CAN"]
[Date "2024.04.08"]
[Round "3.4"]
[White "Ivanov, Mike"]
[Black "Roussel-Roozmon, Thomas"]
[Result "0-1"]
[WhiteElo "2355"]
[BlackElo "2457"]
[PlyCount "70"]
[EventDate "2024.04.08"]
[EventType "swiss (blitz)"]
[EventRounds "9"]
[EventCountry "CAN"]
[Source "ChessMix "]
[SourceDate "2024.04.20"]

1. Nf3 d5 2. g3 c6 3. Bg2 Bg4 4. h3 Bh5 5. O-O Nd7 6. d3 Ngf6 7. c4 e6 8. Nc3
Be7 9. cxd5 exd5 10. e4 dxe4 11. dxe4 O-O 12. g4 Bg6 13. Nh4 Bxe4 14. Nxe4 Nxe4
15. Nf5 Nef6 16. Bg5 Re8 17. Qb3 Qb6 18. Nxe7+ Rxe7 19. Rfe1 Rxe1+ 20. Rxe1
Qxb3 21. axb3 Re8 22. Kf1 Rxe1+ 23. Kxe1 Kf8 24. Kd2 Ke7 25. Kc2 Ke6 26. Be3 a6
27. f4 g6 28. Bd4 Nd5 29. f5+ gxf5 30. g5 Ne5 31. h4 f6 32. Kd2 fxg5 33. hxg5
Nf7 34. Bf6 Nxf6 35. gxf6 Kxf6 0-1

[Event "Candidates Blitz"]
[Site "Toronto CAN"]
[Date "2024.04.08"]
[Round "4.10"]
[White "Roussel-Roozmon, Thomas"]
[Black "Siddeley, Hugh"]
[Result "1-0"]
[WhiteElo "2457"]
[BlackElo "1900"]
[PlyCount "41"]
[EventDate "2024.04.08"]
[EventType "swiss (blitz)"]
[EventRounds "9"]
[EventCountry "CAN"]
[Source "ChessMix "]
[SourceDate "2024.04.20"]

1. d4 Nf6 2. c4 e6 3. Nf3 d5 4. Nc3 dxc4 5. e3 a6 6. a4 c5 7. Bxc4 Nc6 8. O-O
Be7 9. Qe2 cxd4 10. Rd1 Qc7 11. exd4 O-O 12. Bg5 Rd8 13. Rac1 h6 14. Bh4 Qa5
15. Bb3 Nb4 16. Ne5 b6 17. Ne4 Bb7 18. Nxf6+ Bxf6 19. Bxf6 gxf6 20. Nxf7 Kxf7
21. Rc7+ 1-0

[Event "Candidates Blitz"]
[Site "Toronto CAN"]
[Date "2024.04.08"]
[Round "5.3"]
[White "Plotkin, Mark"]
[Black "Roussel-Roozmon, Thomas"]
[Result "1/2-1/2"]
[WhiteElo "2344"]
[BlackElo "2457"]
[PlyCount "127"]
[EventDate "2024.04.08"]
[EventType "swiss (blitz)"]
[EventRounds "9"]
[EventCountry "CAN"]
[Source "ChessMix "]
[SourceDate "2024.04.20"]

1. e4 e5 2. Nf3 Nc6 3. Nc3 Nf6 4. g3 d5 5. exd5 Nxd5 6. Bg2 Nxc3 7. bxc3 Bd6 8.
O-O O-O 9. Rb1 Rb8 10. d4 Bg4 11. h3 Bh5 12. Re1 exd4 13. g4 Bg6 14. cxd4 h6
15. Rb3 Na5 16. Rbe3 Nc4 17. R3e2 Bb4 18. Rf1 Re8 19. Rxe8+ Qxe8 20. c3 Bd6 21.
Re1 Qd7 22. Nh4 Bh7 23. Be4 Bxe4 24. Rxe4 Re8 25. Qe2 Rxe4 26. Qxe4 c6 27. Nf5
Bf8 28. Bf4 Qe6 29. Qxe6 fxe6 30. Ne3 Nxe3 31. fxe3 b5 32. Kf2 Kf7 33. Ke2 g6
34. Kd3 h5 35. c4 a6 36. e4 hxg4 37. hxg4 Ke7 38. Bd2 Bg7 39. Bb4+ Kd7 40. Bc5
Bh6 41. Kc3 Kc7 42. Kb3 Kd7 43. a4 Kc7 44. Kb4 Bd2+ 45. Kb3 Bf4 46. axb5 cxb5
47. cxb5 axb5 48. Bb4 Kc6 49. Bc3 Bd6 50. Ba1 Bf8 51. Bc3 Be7 52. Be1 Bf6 53.
Bf2 Bg7 54. Be3 Bf8 55. Bd2 Be7 56. Bc3 Bf8 57. Bb2 Be7 58. Bc1 Bf8 59. Bg5 Bg7
60. Be3 Bf6 61. Kb4 Be7+ 62. Ka5 Bf8 63. Bd2 Be7 64. Bc3 1/2-1/2

[Event "Candidates Blitz"]
[Site "Toronto CAN"]
[Date "2024.04.08"]
[Round "6.2"]
[White "Roussel-Roozmon, Thomas"]
[Black "Mamedyarov, Shakhriyar"]
[Result "0-1"]
[WhiteElo "2457"]
[BlackElo "2733"]
[PlyCount "50"]
[EventDate "2024.04.08"]
[EventType "swiss (blitz)"]
[EventRounds "9"]
[EventCountry "CAN"]
[Source "ChessMix "]
[SourceDate "2024.04.20"]

1. d4 Nf6 2. c4 e6 3. g3 d5 4. Bg2 Be7 5. Nf3 O-O 6. O-O dxc4 7. Qc2 b6 8. Bg5
Nd5 9. Bxe7 Qxe7 10. Qxc4 Ba6 11. Qc2 c5 12. dxc5 Rc8 13. Na3 Rxc5 14. Qd2 Nd7
15. Rfc1 Rd8 16. Rxc5 Nxc5 17. Rd1 h6 18. Ne5 Qc7 19. Nec4 Rd7 20. Qc1 Na4 21.
Bxd5 exd5 22. Ne3 Qxc1 23. Rxc1 Nxb2 24. Kf1 d4 25. Nf5 d3 0-1

[Event "Candidates Blitz"]
[Site "Toronto CAN"]
[Date "2024.04.08"]
[Round "7.6"]
[White "Pourkashiyan, Atousa"]
[Black "Roussel-Roozmon, Thomas"]
[Result "1/2-1/2"]
[WhiteElo "2271"]
[BlackElo "2457"]
[PlyCount "115"]
[EventDate "2024.04.08"]
[EventType "swiss (blitz)"]
[EventRounds "9"]
[EventCountry "CAN"]
[Source "ChessMix "]
[SourceDate "2024.04.20"]

1. e4 c5 2. Nf3 e6 3. d4 cxd4 4. Nxd4 Nc6 5. Nc3 Qc7 6. Be3 a6 7. Be2 Nf6 8.
O-O Bb4 9. Na4 Be7 10. Nxc6 bxc6 11. Nb6 Rb8 12. Nxc8 Qxc8 13. Bd4 c5 14. Be5
Rb6 15. b3 O-O 16. Bd3 d6 17. Bc3 Nd7 18. Qd2 Bf6 19. Bxf6 Nxf6 20. f3 Qc7 21.
Kh1 Ra8 22. Rae1 a5 23. a4 Rd8 24. Qxa5 Nd7 25. Qc3 Rb4 26. Bb5 Ne5 27. Rd1 Nc6
28. Bxc6 Qxc6 29. Rd3 d5 30. exd5 exd5 31. Re1 h6 32. h3 Rbb8 33. Qd2 c4 34.
bxc4 Qxc4 35. Rd4 Qc5 36. Rd1 Rbc8 37. Rxd5 Rxd5 38. Qxd5 Qxd5 39. Rxd5 Rxc2
40. h4 Ra2 41. Ra5 g6 42. h5 gxh5 43. Kh2 Kg7 44. Ra6 h4 45. Kh3 Kh7 46. a5 Kg7
47. Ra8 Kh7 48. a6 Kg7 49. a7 Ra4 50. f4 Kh7 51. Kg4 Kg7 52. Kf5 Ra5+ 53. Kg4
Ra4 54. Kf5 Ra5+ 55. Ke4 Ra4+ 56. Ke5 Ra5+ 57. Ke4 Ra4+ 58. Kf5 1/2-1/2

[Event "Candidates Blitz"]
[Site "Toronto CAN"]
[Date "2024.04.08"]
[Round "8.5"]
[White "Roussel-Roozmon, Thomas"]
[Black "Jaferian, Koosha"]
[Result "1/2-1/2"]
[WhiteElo "2457"]
[BlackElo "2234"]
[PlyCount "152"]
[EventDate "2024.04.08"]
[EventType "swiss (blitz)"]
[EventRounds "9"]
[EventCountry "CAN"]
[Source "ChessMix "]
[SourceDate "2024.04.20"]

1. Nf3 d5 2. g3 g6 3. Bg2 Bg7 4. d4 c6 5. c4 dxc4 6. a4 Nf6 7. Na3 Be6 8. O-O
Ne4 9. Qc2 Nd6 10. Ne5 O-O 11. Rd1 Bd5 12. e4 Be6 13. Naxc4 Nxc4 14. Nxc4 Bxd4
15. Bh6 Re8 16. Rac1 c5 17. b4 Qc7 18. Bf4 Qc8 19. Ne3 Nc6 20. bxc5 Bh3 21. Bh1
Bg7 22. Nd5 Bg4 23. Re1 Nd4 24. Qd3 e5 25. Bg5 Qd7 26. f3 Be6 27. Nf6+ Bxf6 28.
Bxf6 Nc6 29. Qxd7 Bxd7 30. Red1 Nd4 31. Kf2 Bxa4 32. Rd3 Bb5 33. Rdd1 Ba4 34.
Rd3 Bb5 35. Ra3 a5 36. Bg2 Re6 37. Bg5 a4 38. Bh3 Rc6 39. Be7 Re8 40. Bd6 Rd8
41. Rb1 Ba6 42. Rxa4 Ne6 43. Bxe6 fxe6 44. Rab4 Kf7 45. Ke3 Rd7 46. h4 h5 47.
Rg1 b6 48. Rc1 bxc5 49. Bxc5 Rd3+ 50. Kf2 Rd2+ 51. Kg1 Rc7 52. Rb6 Be2 53. Kf2
Ba6+ 54. Kg1 Be2 55. Rb3 Rcd7 56. Re3 Ba6 57. Bb4 Rb2 58. Bc3 Ra2 59. Ree1 Rd3
60. Rf1 Re3 61. Rf2 Ree2 62. Rxe2 Bxe2 63. Kf2 Ba6+ 64. Kg1 Be2 65. Bxe5 Bxf3
66. Rf1 Ra3 67. Bd6 Rb3 68. e5 Ke8 69. Rc1 Be4 70. Rc8+ Kd7 71. Rc7+ Kd8 72.
Re7 Bf5 73. Kf2 Rd3 74. Ra7 Rb3 75. Rg7 Rd3 76. Ra7 Rb3 1/2-1/2

[Event "Candidates Blitz"]
[Site "Toronto CAN"]
[Date "2024.04.08"]
[Round "9.10"]
[White "Zhao, Jim"]
[Black "Roussel-Roozmon, Thomas"]
[Result "0-1"]
[WhiteElo "2185"]
[BlackElo "2457"]
[PlyCount "66"]
[EventDate "2024.04.08"]
[EventType "swiss (blitz)"]
[EventRounds "9"]
[EventCountry "CAN"]
[Source "ChessMix "]
[SourceDate "2024.04.20"]

1. Nf3 c5 2. g3 Nc6 3. Bg2 g6 4. O-O Bg7 5. e4 d6 6. c3 e5 7. Na3 Nge7 8. Nc2
O-O 9. d4 exd4 10. cxd4 Bg4 11. d5 Ne5 12. Ne3 Bxf3 13. Bxf3 Nxf3+ 14. Qxf3 f5
15. Rb1 Qd7 16. b4 cxb4 17. Rxb4 b5 18. Bb2 a5 19. Bxg7 Kxg7 20. Rb2 b4 21. Nc4
fxe4 22. Qxe4 Nf5 23. Nb6 Qe8 24. Re1 Qxe4 25. Rxe4 Rae8 26. Rbe2 Rxe4 27. Rxe4
Rb8 28. Nc4 a4 29. g4 Nh4 30. Nb2 a3 31. Nd3 b3 32. axb3 Rxb3 33. Nf4 Rb1+ 0-1